| 000 | 00646nam a2200205Ia 4500 | ||
|---|---|---|---|
| 003 | GCL | ||
| 008 | 140319s9999 xx 000 0 ara d | ||
| 040 |
_aGCL / _cGCL |
||
| 082 | 0 | 4 |
_aد _b050 _bح ع |
| 100 | 1 | _aالحزب العربى الديمقراطى الناصر | |
| 245 | 1 | 0 |
_aالعربي الناصري / _cالحزب العربى الديمقراطى الناصر |
| 260 |
_a[S.N] : _bالحزب العربى الديمقراطى الناصرى |
||
| 300 | _a14 | ||
| 490 |
_aاولادنا _v0 |
||
| 650 | 0 | 4 | _aالاقتصاد |
| 650 | 0 | 4 | _aالادب |
| 650 | 0 | 4 | _aالسياسة |
| 650 | 0 | 4 | _aالفنون |
| 942 |
_2ddc _cCF |
||
| 999 |
_c26963 _d26963 |
||